[Event "18eme open Louviers"]
[Site "?"]
[Date "2015.11.01"]
[Round "6"]
[White "Boursier, Xavier"]
[Black "Lacour, Cedric"]
[Result "1-0"]
[WhiteElo "1996"]
[BlackElo "1886"]
[PlyCount "61"]
[EventDate "2012.05.13"]
[SourceDate "2015.11.11"]

1. e4 c5 2. Nc3 Nc6 3. f4 g6 4. Nf3 Bg7 5. Bc4 d6 6. d3 a6 7. a4 e6 8. O-O Nge7
9. Qe1 O-O 10. f5 d5 11. Ba2 d4 12. Ne2 exf5 13. Qh4 b6 14. Bh6 Qd6 15. Ng5 Qf6
16. Rf3 Bxh6 17. Qxh6 Qg7 18. Rh3 Nd8 19. Qh4 h5 20. Nxf7 Nxf7 21. Qxe7 fxe4
22. Rh4 Bg4 23. Nf4 Rae8 24. Qg5 Bf5 25. Nxh5 gxh5 26. Qxf5 Re5 27. Qh3 Qg6 28.
dxe4 Kg7 29. Rf1 Ng5 30. Qd7+ Nf7 31. Rhf4 1-0

[Event "18eme open Louviers"]
[Site "?"]
[Date "2015.11.01"]
[Round "6"]
[White "Garcia, Adrien"]
[Black "Abdat, Rachid"]
[Result "0-1"]
[WhiteElo "1908"]
[BlackElo "1900"]
[PlyCount "118"]
[EventDate "2012.05.13"]
[SourceDate "2015.11.11"]

1. Nc3 d5 2. e4 d4 3. Nb1 e5 4. Bc4 Bd6 5. d3 Qe7 6. Ne2 Bg4 7. c3 c5 8. h3 Bd7
9. O-O Nc6 10. cxd4 cxd4 11. a4 Nf6 12. Na3 a6 13. Bd2 O-O 14. Ng3 h6 15. Qf3
Bb4 16. Bc1 Na5 17. Nf5 Bxf5 18. Qxf5 Bxa3 19. Rxa3 Nxc4 20. dxc4 Qe6 21. b4
Qxf5 22. exf5 Rac8 23. c5 Rfe8 24. f3 a5 25. Bd2 Nd5 26. b5 Rxc5 27. Bxa5 b6
28. Bd2 Rc2 29. Rf2 Ra8 30. Be1 Rc1 31. Re2 f6 32. Kf2 Rb1 33. Rea2 Ne3 34. a5
Rxb5 35. a6 Nd5 36. Ke2 Rc5 37. a7 Rc7 38. Kd3 Kf7 39. Ke4 Nc3+ 40. Bxc3 dxc3
41. Kd3 c2 42. Rxc2 Raxa7 43. Rxa7 Rxa7 44. Rb2 Rb7 45. Kc4 Rd7 46. Kb5 Rd6 47.
Rc2 Kg8 48. Rf2 Kh7 49. Rc2 h5 50. h4 Rd4 51. Kxb6 Rxh4 52. Kc5 Rf4 53. Kd5
Rxf5 54. Ke6 Rf4 55. Kf7 Ra4 56. g4 Ra7+ 57. Ke6 hxg4 58. fxg4 Kg6 59. Kd5 Ra4
0-1

[Event "18eme open Louviers"]
[Site "?"]
[Date "2015.11.01"]
[Round "6"]
[White "Vappereau, Xavier"]
[Black "Hatton, Christian"]
[Result "1/2-1/2"]
[WhiteElo "1691"]
[BlackElo "1859"]
[PlyCount "109"]
[EventDate "2012.05.13"]
[SourceDate "2015.11.11"]

1. e4 d5 2. exd5 Nf6 3. d4 Nxd5 4. c4 Nb6 5. Nf3 g6 6. Nc3 Bg7 7. Be3 c6 8. Be2
Be6 9. b3 O-O 10. Rc1 N8d7 11. Qd2 Bf5 12. Bh6 Re8 13. Bxg7 Kxg7 14. Nh4 e6 15.
Nxf5+ exf5 16. Qf4 Nf6 17. Rd1 Ne4 18. Nxe4 Rxe4 19. Qd2 Qe7 20. f3 Re3 21. Kf2
f4 22. g3 Re8 23. Rde1 Nd7 24. gxf4 Qh4+ 25. Kg2 Qxf4 26. Rhf1 Nf6 27. Bd1 Nh5
28. Rxe3 Qxe3 29. Qxe3 Rxe3 30. Kf2 Rd3 31. d5 cxd5 32. Be2 Rd2 33. Ke3 Rxa2
34. cxd5 Nf6 35. Rd1 a6 36. d6 Nd7 37. Rc1 Kf6 38. Rc7 Ke6 39. Rxb7 Kxd6 40.
Rb4 a5 41. Rd4+ Ke7 42. Re4+ Kf8 43. Bb5 Nc5 44. Re8+ Kg7 45. Bc4 Kf6 46. Rc8
Nxb3 47. Rb8 Ra3 48. Rxb3 Rxb3+ 49. Bxb3 Ke7 50. f4 f6 51. h4 Kf8 52. Ke4 Kg7
53. f5 Kh6 54. Kf3 Kh5 55. Kg3 1/2-1/2

[Event "18eme open Louviers"]
[Site "?"]
[Date "2015.11.01"]
[Round "6"]
[White "Vincent, Didier"]
[Black "Mergen, Bat"]
[Result "1-0"]
[WhiteElo "2024"]
[BlackElo "1399"]
[PlyCount "91"]
[EventDate "2012.05.13"]
[SourceDate "2015.11.11"]

1. e4 c5 2. Nf3 Nc6 3. d4 cxd4 4. Nxd4 d6 5. Be2 Nf6 6. Nc3 e6 7. O-O Bd7 8.
Be3 Be7 9. Qd2 O-O 10. Ndb5 Ne8 11. Rad1 a6 12. Nd4 Nxd4 13. Bxd4 Bc6 14. f4
Bf6 15. Qe3 Bxd4 16. Qxd4 Qe7 17. Qe3 Rd8 18. Rd2 Nc7 19. Bf3 Ne8 20. Rfd1 Rc8
21. g3 Qc7 22. h4 Bd7 23. e5 d5 24. Ne2 Qc5 25. Nd4 g6 26. Kh2 Ng7 27. c3 Nf5
28. Nxf5 gxf5 29. Rd4 b5 30. Qd2 Qe7 31. Qf2 Kh8 32. Be2 Ra8 33. R1d2 Bc6 34.
g4 fxg4 35. Bxg4 Rg8 36. f5 f6 37. exf6 Qxf6 38. fxe6 Qe5+ 39. Qf4 Qg7 40. Qe3
Raf8 41. Rf2 Rxf2+ 42. Qxf2 h5 43. Bh3 Qe5+ 44. Kh1 Rg3 45. Qf8+ Rg8 46. Qh6#
1-0

[Event "18eme open Louviers"]
[Site "?"]
[Date "2015.11.01"]
[Round "6"]
[White "Cassiau, Kevin"]
[Black "Naji, Nil"]
[Result "0-1"]
[WhiteElo "1520"]
[BlackElo "1675"]
[PlyCount "48"]
[EventDate "2012.05.13"]
[SourceDate "2015.11.11"]

1. e4 d6 2. d4 Nf6 3. Nc3 Nbd7 4. f4 e5 5. Nf3 exd4 6. Qxd4 c6 7. Be3 d5 8.
exd5 Bc5 9. Qd2 Qe7 10. dxc6 Bxe3 11. cxd7+ Bxd7 12. Qe2 Bxf4 13. Qxe7+ Kxe7
14. Bc4 Rac8 15. Bd5 Rxc3 16. bxc3 Nxd5 17. c4 Ne3 18. Kf2 Ng4+ 19. Ke2 Re8 20.
Rhe1 Kd6+ 21. Kd3 Rxe1 22. Rxe1 Nxh2 23. Nxh2 Bxh2 24. Rh1 Bf5+ 0-1

[Event "18eme open Louviers"]
[Site "?"]
[Date "2015.11.01"]
[Round "6"]
[White "Van Lingen, Guus"]
[Black "Le Duc, Johann"]
[Result "1-0"]
[WhiteElo "1590"]
[BlackElo "1516"]
[PlyCount "43"]
[EventDate "2012.05.13"]
[SourceDate "2015.11.11"]

1. e4 d5 2. exd5 Nf6 3. Bb5+ Nbd7 4. Nc3 a6 5. Bc4 b5 6. Bb3 Bb7 7. d4 Nb6 8.
Nf3 Nbxd5 9. Nxd5 Bxd5 10. Bxd5 Qxd5 11. O-O e6 12. Bf4 Bd6 13. Ne5 O-O 14. Re1
Rfd8 15. c3 Qb7 16. Qc2 c5 17. Rad1 cxd4 18. cxd4 Rac8 19. Qd3 Qd5 20. a3 Ng4
21. Qg3 Nxe5 22. dxe5 1-0

[Event "18eme open Louviers"]
[Site "?"]
[Date "2015.11.01"]
[Round "6"]
[White "Pineau, Patrick"]
[Black "Roche, Jan-Francois"]
[Result "0-1"]
[WhiteElo "1428"]
[BlackElo "1526"]
[PlyCount "72"]
[EventDate "2012.05.13"]
[SourceDate "2015.11.11"]

1. d4 f5 2. c4 Nf6 3. Nc3 g6 4. Nf3 Bg7 5. Bg5 O-O 6. Bxf6 Bxf6 7. e3 d6 8. Bd3
e5 9. dxe5 dxe5 10. Bc2 Be6 11. Nd5 e4 12. Nxf6+ Qxf6 13. Nd4 Bxc4 14. b3 Bf7
15. O-O Nc6 16. Ne2 Rad8 17. Qc1 Rd6 18. f3 exf3 19. Rxf3 Ne5 20. Rf1 Qh4 21.
Rf4 Qg5 22. Qb2 Nd3 23. Bxd3 Rxd3 24. h4 Qe7 25. Raf1 Qxe3+ 26. Kh1 Rd2 27. Qb1
Rxe2 28. R4f3 Qe5 29. Qc1 Bd5 30. h5 Bxf3 31. Rxf3 Re1+ 32. Rf1 Rxc1 33. Rxc1
Qg3 34. hxg6 hxg6 35. Rc4 Re8 36. Rc1 Kf7 0-1

[Event "18eme open Louviers"]
[Site "?"]
[Date "2015.11.01"]
[Round "6"]
[White "Josse, Sebastien"]
[Black "Bailly, Thierry"]
[Result "1-0"]
[WhiteElo "1774"]
[BlackElo "1624"]
[PlyCount "137"]
[EventDate "2012.05.13"]
[SourceDate "2015.11.11"]

1. c4 c5 2. Nc3 Nc6 3. g3 g6 4. Bg2 Bg7 5. Nf3 Nf6 6. O-O O-O 7. d3 d6 8. h3 a6
9. Be3 h6 10. Qc1 Kh7 11. d4 cxd4 12. Nxd4 Bd7 13. Rd1 Nxd4 14. Bxd4 Bc6 15. e4
Qc8 16. Nd5 Nxd5 17. Bxg7 Kxg7 18. exd5 Bd7 19. Re1 Re8 20. Qc3+ Kg8 21. Re4 e5
22. dxe6 Bxe6 23. Qd2 Kh7 24. Rh4 h5 25. Bf3 Qc5 26. b4 Qf5 27. Be4 Qf6 28. Rc1
Kg7 29. Qxd6 Rad8 30. Qf4 Qxf4 31. Rxf4 b6 32. Kg2 Rd4 33. Bd5 Bxd5+ 34. cxd5
Rxd5 35. Rc6 g5 36. Rff6 a5 37. bxa5 Rxa5 38. Rxb6 Rxa2 39. Rf5 g4 40. Rg5+ Kf8
41. hxg4 hxg4 42. Rxg4 Rae2 43. Rf6 R8e6 44. Rff4 Ke7 45. Rf5 Rf6 46. Rgf4 Rxf5
47. Rxf5 Ke6 48. g4 Ra2 49. Kg3 f6 50. Kh4 Ra1 51. Kh5 Ra8 52. f3 Rg8 53. Kh6
Ke7 54. Kh7 Rf8 55. Ra5 Rf7+ 56. Kg6 Rf8 57. Kf5 Rf7 58. Ra6 Rf8 59. Re6+ Kd7
60. Rxf6 Ra8 61. Kg6 Rg8+ 62. Kf7 Rh8 63. Kg7 Rh3 64. g5 Rg3 65. g6 Ke7 66. f4
Ke8 67. Rf7 Rg4 68. f5 Rh4 69. f6 1-0

[Event "18eme open Louviers"]
[Site "?"]
[Date "2015.11.01"]
[Round "6"]
[White "Blasco, David"]
[Black "Grenet, Dominique"]
[Result "1-0"]
[WhiteElo "1443"]
[BlackElo "1458"]
[PlyCount "73"]
[EventDate "2012.05.13"]
[SourceDate "2015.11.11"]

1. e4 e5 2. f4 exf4 3. Nf3 d6 4. Bc4 Qd7 5. O-O Nc6 6. d3 Ne5 7. Bb3 h6 8. Bxf4
Ng6 9. Bg3 Qe7 10. e5 dxe5 11. Nxe5 Nxe5 12. Bxe5 Qc5+ 13. d4 Qe7 14. Rxf7 Qg5
15. Bf4 Qg6 16. Rxc7 Qe4 17. Qh5+ Kd8 18. Qd5+ Qxd5 19. Bxd5 Nf6 20. Bxb7 Bxb7
21. Rxb7 Nd5 22. Bd2 a6 23. c4 Nc7 24. Ba5 Rc8 25. Nc3 Bd6 26. c5 Bf4 27. g3
Be3+ 28. Kg2 Bd2 29. d5 Bxc3 30. bxc3 Kd7 31. d6 Kc6 32. Rxc7+ Rxc7 33. Bxc7 g5
34. Rb1 Re8 35. Rb6+ Kxc5 36. d7 Re2+ 37. Kf3 1-0

[Event "18eme open Louviers"]
[Site "?"]
[Date "2015.11.01"]
[Round "6"]
[White "Bekkaye, Mohammed"]
[Black "Hauchard, Remi"]
[Result "1-0"]
[WhiteElo "1487"]
[BlackElo "1330"]
[PlyCount "109"]
[EventDate "2012.05.13"]
[SourceDate "2015.11.11"]

1. d4 d5 2. Nf3 Nc6 3. e3 Nf6 4. Bd3 e6 5. O-O Bd6 6. Nbd2 O-O 7. c3 e5 8. dxe5
Bxe5 9. Nxe5 Nxe5 10. Bc2 Qd6 11. a4 Neg4 12. Nf3 Ne5 13. Nxe5 Qxe5 14. f4 Qh5
15. Qxh5 Nxh5 16. f5 Nf6 17. b4 g6 18. fxg6 fxg6 19. Bd2 Be6 20. Rae1 Ne4 21.
Bxe4 dxe4 22. Rc1 Bc4 23. Rfd1 Bb3 24. Re1 Bxa4 25. c4 Bb3 26. Rc3 Rad8 27. Bc1
Rd3 28. Bb2 Rxc3 29. Bxc3 Bxc4 30. Be5 c6 31. h3 b6 32. Bf4 Bd3 33. Rc1 Rc8 34.
Kf2 Kf7 35. Ra1 a6 36. Be5 c5 37. Rc1 Ke6 38. Bd4 Kd5 39. Ke1 Rc6 40. bxc5 b5
41. Kd2 Rf6 42. Bxf6 Kc6 43. Be7 a5 44. g4 b4 45. Ra1 b3 46. Bf6 Kxc5 47. Rxa5+
Kc6 48. Ra8 Bc2 49. Rh8 Kb5 50. Rxh7 Kc4 51. Rg7 Kd5 52. Rxg6 Kc4 53. h4 Kb4
54. h5 Ka3 55. h6 1-0

[Event "18eme open Louviers"]
[Site "?"]
[Date "2015.11.01"]
[Round "6"]
[White "Quevauvilliers, Philippe"]
[Black "Troppee, Kevin"]
[Result "0-1"]
[WhiteElo "1448"]
[BlackElo "1270"]
[PlyCount "70"]
[EventDate "2012.05.13"]
[SourceDate "2015.11.11"]

1. e4 c5 2. Bc4 Nc6 3. Nc3 e6 4. Nf3 Nge7 5. d3 d5 6. exd5 Nxd5 7. Qd2 Be7 8.
O-O Nxc3 9. Qxc3 Bf6 10. Qe1 O-O 11. c3 Na5 12. Bd2 Nxc4 13. dxc4 Qe7 14. Ne5
Rd8 15. Rd1 Bg5 16. f4 Bf6 17. Ng4 e5 18. Nxf6+ Qxf6 19. fxe5 Qe6 20. Qg3 Qg4
21. Qe3 Qxc4 22. b3 Qd3 23. Qxc5 Bg4 24. Qc4 Qxc4 25. bxc4 Bxd1 26. Rxd1 Rac8
27. Kf2 Rxc4 28. Ke2 Re4+ 29. Kf3 Rxe5 30. Kf4 Red5 31. Ke3 f5 32. g3 g5 33. h3
Rd3+ 34. Ke2 Rxg3 35. Rh1 Rg2+ 0-1

[Event "18eme open Louviers"]
[Site "?"]
[Date "2015.11.01"]
[Round "6"]
[White "Mallet, Guillaume"]
[Black "Defranoux, Pascal"]
[Result "1-0"]
[WhiteElo "1333"]
[BlackElo "1290"]
[PlyCount "71"]
[EventDate "2012.05.13"]
[SourceDate "2015.11.11"]

1. e4 e5 2. Nf3 d6 3. Bc4 f6 4. d3 Be7 5. Bxg8 Rxg8 6. c3 c5 7. h3 Nc6 8. Nbd2
Bd7 9. Qb3 Qc8 10. Qxg8+ Bf8 11. Qxh7 Be6 12. Nh4 Ne7 13. Ng6 Bg8 14. Qh8 Nxg6
15. Qxg8 Qd7 16. Qh7 Nf4 17. O-O Nxd3 18. Qg6+ Ke7 19. Rd1 Nf4 20. Qf5 Nxh3+
21. Qxh3 Qxh3 22. gxh3 g5 23. Nc4 Bg7 24. Nxd6 Rh8 25. Nf5+ Kf7 26. Nxg7 Rxh3
27. Kg2 Rh4 28. Nf5 Rxe4 29. Be3 Kg6 30. Ng3 Rh4 31. Rh1 f5 32. Rad1 f4 33.
Rd6+ Kf7 34. Rxh4 gxh4 35. Nf5 fxe3 36. fxe3 1-0

[Event "18eme open Louviers"]
[Site "?"]
[Date "2015.11.01"]
[Round "6"]
[White "Marie, Isabelle"]
[Black "Totain, Christian"]
[Result "0-1"]
[WhiteElo "1112"]
[BlackElo "1660"]
[PlyCount "76"]
[EventDate "2012.05.13"]
[SourceDate "2015.11.11"]

1. e4 e5 2. d4 exd4 3. Qxd4 Nc6 4. Qd1 d6 5. Bb5 Bd7 6. Bxc6 Bxc6 7. Nc3 Nf6 8.
f3 g6 9. Nge2 Bg7 10. Nd5 O-O 11. Nxf6+ Qxf6 12. c3 Rad8 13. Nd4 Qe5 14. Nxc6
bxc6 15. Qd3 d5 16. Kf2 Rfe8 17. Qc2 dxe4 18. Qxe4 Qxe4 19. fxe4 Rxe4 20. g3
Re6 21. Bf4 Be5 22. Rae1 Bxf4 23. Rxe6 Bxg3+ 24. Kxg3 fxe6 25. Re1 Kf7 26. Kf3
Rd2 27. Re2 Rxe2 28. Kxe2 Kf6 29. Ke3 Ke5 30. b4 Kd5 31. Kd3 a6 32. a4 e5 33.
c4+ Kd6 34. c5+ Kd5 35. a5 e4+ 36. Ke3 Ke5 37. b5 cxb5 38. Kd2 Kd4 0-1

[Event "18eme open Louviers"]
[Site "?"]
[Date "2015.11.01"]
[Round "6"]
[White "Maraine, Louis Ermiyas"]
[Black "Hauchard, Goran"]
[Result "1-0"]
[WhiteElo "1010"]
[BlackElo "1110"]
[PlyCount "33"]
[EventDate "2012.05.13"]
[SourceDate "2015.11.11"]

1. f4 d5 2. b3 Nf6 3. Nf3 Nc6 4. e3 Bg4 5. Bb5 Bxf3 6. Qxf3 a6 7. Bxc6+ bxc6 8.
O-O e6 9. Bb2 Bd6 10. d3 O-O 11. Nd2 Re8 12. Qg3 Qe7 13. e4 Bc5+ 14. Kh1 Bb4
15. Nf3 dxe4 16. dxe4 Nxe4 17. Qxg7# 1-0

[Event "18eme open Louviers"]
[Site "?"]
[Date "2015.11.01"]
[Round "6"]
[White "Voegele, Francois-Marie"]
[Black "Varigault, Nicole"]
[Result "1-0"]
[WhiteElo "1160"]
[BlackElo "1230"]
[PlyCount "119"]
[EventDate "2012.05.13"]
[SourceDate "2015.11.11"]

1. f4 Nf6 2. e3 e6 3. Nf3 Nc6 4. Be2 d5 5. O-O Bc5 6. Nc3 O-O 7. Kh1 Bd7 8. Re1
a6 9. Bf1 b5 10. a4 b4 11. Na2 a5 12. b3 Ne7 13. c3 bxc3 14. Nxc3 Ne4 15. Kg1
Nf5 16. Nxe4 dxe4 17. Ng5 Qf6 18. d4 Bb4 19. Re2 Qg6 20. Nxe4 Nd6 21. Nxd6 Bxd6
22. e4 f6 23. Qc2 Ra6 24. Be3 Rc6 25. Qd3 Bb4 26. Rc2 e5 27. Rxc6 Bxc6 28. f5
Qg4 29. Qc4+ Kh8 30. Qxc6 exd4 31. Bxd4 Bd6 32. Ra2 h6 33. Bf2 Qf4 34. g3 Qe5
35. Bd3 Rb8 36. Qc2 c5 37. Rb2 Rb4 38. Qe2 Qe7 39. Bc4 Be5 40. Rd2 Qa7 41. Qg4
Bd4 42. Bxd4 cxd4 43. Qe2 d3+ 44. Qf2 Qb6 45. Qxb6 Rxb6 46. Rxd3 Kh7 47. Rd8 h5
48. Rd5 Rb7 49. Rxa5 Re7 50. Bd5 Rc7 51. Bc4 Re7 52. Bd5 Kh6 53. Kg2 g5 54. Kh3
Rg7 55. Ra6 h4 56. Rxf6+ Kh5 57. Bf7+ Rxf7 58. Rxf7 g4+ 59. Kg2 h3+ 60. Kf2 1-0